Practical Data Science with Python 3: (Record no. 590768)
[ view plain ]
| 000 -LEADER | |
|---|---|
| fixed length control field | 00791nam a22001457a 4500 |
| 020 ## - INTERNATIONAL STANDARD BOOK NUMBER | |
| International Standard Book Number | 9781484248584 |
| 082 ## - DEWEY DECIMAL CLASSIFICATION NUMBER | |
| Classification number | 006.312,VAR |
| 100 ## - MAIN ENTRY--PERSONAL NAME | |
| Personal name | Varga, Ervin |
| 9 (RLIN) | 131198 |
| 245 ## - TITLE STATEMENT | |
| Title | Practical Data Science with Python 3: |
| Remainder of title | Synthesizing Actionable Insights from Data / |
| Statement of responsibility, etc. | Ervin Varga |
| 260 ## - PUBLICATION, DISTRIBUTION, ETC. | |
| Linkage | Delhi |
| Place of publication, distribution, etc. | Apress |
| Date of publication, distribution, etc. | 2019 |
| 300 ## - PHYSICAL DESCRIPTION | |
| Extent | xii: 295 p. |
| 505 ## - FORMATTED CONTENTS NOTE | |
| Formatted contents note | Introduction to Data Science (Page-1), Data Engineering (Page-29), Software Engineering (Page-73), Documenting your work (Page-121), Data Processing (Page-159), Data Visualization (Page-209), Machine Learning (Page-255), Recommender Systems (Page-317), Data Security (Page-341), Graph Analysis (Page-369), Complexity and Heuristics (Page-397), Deep Learning (Page-427). |
| 650 ## - SUBJECT ADDED ENTRY--TOPICAL TERM | |
| Topical term or geographic name entry element | Data Science with Python |
| 9 (RLIN) | 131199 |
| 942 ## - ADDED ENTRY ELEMENTS (KOHA) | |
| Source of classification or shelving scheme | |
| Koha item type | Book |
| Withdrawn status | Lost status | Source of classification or shelving scheme | Damaged status | Not for loan | Permanent Location | Current Location | Shelving location | Date acquired | Total Checkouts | Full call number | Barcode | Date last seen | Date last checked out | Price effective from | Koha item type | Public note |
|---|---|---|---|---|---|---|---|---|---|---|---|---|---|---|---|---|
| Military College of Signals (MCS) | Military College of Signals (MCS) | General Stacks | 08/03/2022 | 3 | 006.312,VAR | MCS38349 | 08/27/2025 | 08/11/2025 | 08/03/2022 | Book | Almirah Fresh No.44, Shelf No.2 |
